KOHA-Header-6

Thomas Calculus (Record no. 72)

000 -LEADER
fixed length control field 00282nam a2200121Ia 4500
008 - FIXED-LENGTH DATA ELEMENTS--GENERAL INFORMATION
fixed length control field 190722s9999 xx 000 0 und d
020 ## - INTERNATIONAL STANDARD BOOK NUMBER
International Standard Book Number 978-93-325-4242-6
100 ## - MAIN ENTRY--PERSONAL NAME
Personal name Weir, Hass
245 #0 - TITLE STATEMENT
Title Thomas Calculus
260 ## - PUBLICATION, DISTRIBUTION, ETC. (IMPRINT)
Place of publication, distribution, etc New Delhi
Name of publisher, distributor, etc Pearson Edu.
Date of publication, distribution, etc 2016
300 ## - PHYSICAL DESCRIPTION
Extent 988
942 ## - ADDED ENTRY ELEMENTS (KOHA)
Koha item type Books
Holdings
Withdrawn status Lost status Source of classification or shelving scheme Damaged status Not for loan Collection code Permanent Location Current Location Shelving location Date acquired Full call number Barcode Date last seen Price effective from Koha item type
        Not For Loan Reference MAJU MAJU Shelf No.A39 REF 2019-07-22 515 6698 2020-02-20 2019-07-22 Books

Powered by Koha